000 01349cam a2200265 a 4500
003 OSt
005 20210203134656.0
008 020904s2000 ck a r 100 0 spa d
020 _a9589427448
040 _aCO-BoPUJ
_cCO-JMCR
041 0 _aspa
082 0 4 _a320.9861 /
_bF727g
_223
111 2 _aForo internacional gobernabilidad democrática y el pensamiento de Galán
_d(1999 ago. 17-19 :
_cBogotá)
_913011
245 1 0 _aGobernabilidad democrática :
_bel proyecto colombiano /
_cInstituto Luis Carlos Galán para el Desarrollo de la Democracia ; prólogo Gonzalo Rivera
250 _aPrimera edición
260 _aBogotá :
_bInstituto Luis Carlos Galán para el Desarrollo de la Democracia,
_c2000
300 _a268 páginas :
_bilustraciones a blanco y negro ;
_c24 cm.
504 _aIncluye referencias bibliográficas.
505 0 _aLas grandes tendencias del desarrollo democrático en Latinoamérica -- La democracia y las instituciones políticas -- Gobernabilidad y conflicto armado -- Relaciones de los estados Unidos de Norteamérica y América Latina en el nuevo siglo
650 2 4 _aDemocracia
_zColombia
_vCongresos
_913012
650 2 4 _aDemocracia
_zAmérica Latina
_vCongresos
_913013
650 2 4 _aConflicto armado
_zAmérica Latina
_vCongresos
_913014
700 1 _aRivera, Gonzalo
_eprologuista
_913015
942 _2ddc
_cBK
999 _c7098
_d7098